[Event "15. Open Int. Ciudad de Pamplona"]
[Site "Pamplona ESP"]
[Date "2005.12.23"]
[Round "1.1"]
[White "Narciso Dublan, Marc"]
[Black "Lakunza Velasco, Ibai"]
[Result "1-0"]
[WhiteElo "2525"]
[BlackElo "1899"]
[PlyCount "71"]
[EventDate "2005.12.23"]
[EventType "swiss"]
[EventRounds "9"]
[EventCountry "ESP"]
[Source "lmi"]
[SourceDate "2005.12.29"]

1. e4 c5 2. Nf3 d6 3. Bb5+ Bd7 4. Bxd7+ Qxd7 5. O-O Nc6 6. b3 g6 7. Bb2 e5 8.
c3 Bg7 9. d4 Rd8 10. Na3 Nf6 11. Qc2 O-O 12. Rad1 Qg4 13. Rfe1 Nh5 14. Nc4 Nf4
15. Ne3 Qh5 16. dxc5 dxc5 17. Rxd8 Rxd8 18. Rd1 Nh3+ 19. Kf1 Rxd1+ 20. Qxd1 Ng5
21. Nxg5 Qxg5 22. g3 Qd8 23. Qxd8+ Nxd8 24. Ke2 Kf8 25. Ba3 Ne6 26. Nc4 b6 27.
Nd6 a6 28. Kd3 Bf6 29. Kc4 Be7 30. Nc8 Bd8 31. Kd5 Ke8 32. Kc6 Ng5 33. Nd6+ Ke7
34. Bc1 Ne6 35. Nc8+ Ke8 36. Nxb6 1-0

[Event "15. Open Int. Ciudad de Pamplona"]
[Site "Pamplona ESP"]
[Date "2005.12.23"]
[Round "1.2"]
[White "Juanco Elizari, Felix"]
[Black "Conquest, Stuart"]
[Result "0-1"]
[WhiteElo "1893"]
[BlackElo "2514"]
[PlyCount "62"]
[EventDate "2005.12.23"]
[EventType "swiss"]
[EventRounds "9"]
[EventCountry "ESP"]
[Source "lmi"]
[SourceDate "2005.12.29"]

1. d4 Nf6 2. Nf3 g6 3. g3 Bg7 4. Bg2 d6 5. c4 c6 6. Nc3 O-O 7. O-O Qa5 8. a3
Qh5 9. Re1 Bg4 10. Qd3 Nbd7 11. Kh1 e5 12. Ng1 Bf5 13. Qf3 Ng4 14. h3 exd4 15.
Ne4 Nde5 16. Qf4 Bxe4 17. f3 Nf2+ 18. Kh2 f5 19. Rf1 Nfg4+ 20. fxg4 fxg4 21.
Qg5 gxh3 22. Qxh5 hxg2 23. Rf2 gxh5 24. Rxf8+ Rxf8 25. Bf4 d5 26. Rc1 h4 27.
Nh3 dxc4 28. Rxc4 Bd5 29. Rc2 h5 30. Rd2 hxg3+ 31. Kxg3 Rxf4 0-1

[Event "15. Open Int. Ciudad de Pamplona"]
[Site "Pamplona ESP"]
[Date "2005.12.23"]
[Round "1.3"]
[White "Strikovic, Aleksa"]
[Black "Ramirez Parra, Diego"]
[Result "1-0"]
[WhiteElo "2489"]
[BlackElo "1892"]
[PlyCount "55"]
[EventDate "2005.12.23"]
[EventType "swiss"]
[EventRounds "9"]
[EventCountry "ESP"]
[Source "lmi"]
[SourceDate "2005.12.29"]

1. c4 Nf6 2. Nc3 e6 3. e4 d5 4. e5 d4 5. exf6 dxc3 6. bxc3 Qxf6 7. Nf3 Bd6 8.
d4 h6 9. Bd3 b6 10. Be4 c6 11. O-O Qe7 12. Re1 O-O 13. a4 f5 14. Bd3 Nd7 15. a5
Rb8 16. axb6 axb6 17. Ra7 Bb7 18. c5 bxc5 19. Bc4 Rf6 20. Qb3 Bc8 21. Bxe6+ Kh8
22. Qa2 Qd8 23. Bf7 Qb6 24. Ne5 Bxe5 25. dxe5 Rxf7 26. Qxf7 Qxa7 27. e6 Qa2 28.
Qe8+ 1-0

[Event "15. Open Int. Ciudad de Pamplona"]
[Site "Pamplona ESP"]
[Date "2005.12.23"]
[Round "1.4"]
[White "Blanco Sisniega, Jonas"]
[Black "Magem Badals, Jordi"]
[Result "0-1"]
[WhiteElo "1891"]
[BlackElo "2479"]
[PlyCount "60"]
[EventDate "2005.12.23"]
[EventType "swiss"]
[EventRounds "9"]
[EventCountry "ESP"]
[Source "lmi"]
[SourceDate "2005.12.29"]

1. e4 e5 2. Nf3 Nc6 3. Bb5 a6 4. Ba4 Nf6 5. O-O Be7 6. Re1 b5 7. Bb3 d6 8. c3
O-O 9. h3 Na5 10. Bc2 c5 11. d3 h6 12. Nbd2 Re8 13. Nf1 Bf8 14. Ng3 Bb7 15. Be3
d5 16. exd5 Nxd5 17. Qd2 Qc7 18. Rac1 Rad8 19. Nh2 Qc6 20. f3 Nxe3 21. Qxe3 c4
22. Kh1 Qg6 23. Ne4 f5 24. Nf2 cxd3 25. Nxd3 Nc4 26. Bb3 e4 27. Nf4 Qg5 28.
Rcd1 exf3 29. Nxf3 Rxe3 30. Nxg5 Rxe1+ 0-1

[Event "15. Open Int. Ciudad de Pamplona"]
[Site "Pamplona ESP"]
[Date "2005.12.23"]
[Round "1.5"]
[White "Adla, Diego Gustavo"]
[Black "Ruiperez Guimiel, Ramon"]
[Result "1-0"]
[WhiteElo "2474"]
[BlackElo "1877"]
[PlyCount "103"]
[EventDate "2005.12.23"]
[EventType "swiss"]
[EventRounds "9"]
[EventCountry "ESP"]
[Source "lmi"]
[SourceDate "2005.12.29"]

1. c4 e6 2. Nc3 d5 3. d4 c6 4. cxd5 exd5 5. Qc2 Nf6 6. Bg5 Bb4 7. e3 h6 8. Bh4
Nbd7 9. Bd3 Qa5 10. Nge2 O-O 11. O-O Bd6 12. Bg3 Bxg3 13. Nxg3 Nb6 14. f3 Nc4
15. Rae1 Nd6 16. e4 dxe4 17. fxe4 Nh5 18. Nxh5 Qxh5 19. e5 Nb5 20. Nxb5 cxb5
21. Bh7+ Kh8 22. d5 Bd7 23. Bf5 Rac8 24. Qd3 Rfd8 25. d6 a6 26. Bxd7 Rxd7 27.
Rf5 Qg6 28. Ref1 Qe6 29. Qf3 Kg8 30. Qg3 Rc5 31. h4 a5 32. h5 b4 33. b3 Rc2 34.
R1f3 Rc3 35. Rxc3 bxc3 36. Rf2 Qd5 37. Qxc3 Qc6 38. Qxc6 bxc6 39. Rc2 f6 40.
Rxc6 fxe5 41. Kf2 Kf7 42. Rc7 Ke6 43. Rxd7 Kxd7 44. Ke3 Kxd6 45. Ke4 Kc5 46. a3
Kd6 47. g4 Ke6 48. b4 a4 49. b5 Kd6 50. b6 Kc6 51. Kxe5 Kxb6 52. Kd6 1-0

[Event "15. Open Int. Ciudad de Pamplona"]
[Site "Pamplona ESP"]
[Date "2005.12.23"]
[Round "1.6"]
[White "Flores Lazkotz, Koldo"]
[Black "Pogorelov, Ruslan"]
[Result "0-1"]
[WhiteElo "1870"]
[BlackElo "2435"]
[PlyCount "56"]
[EventDate "2005.12.23"]
[EventType "swiss"]
[EventRounds "9"]
[EventCountry "ESP"]
[Source "lmi"]
[SourceDate "2005.12.29"]

1. d4 Nf6 2. c4 e6 3. Nf3 b6 4. e3 Bb7 5. Bd3 Be7 6. Nc3 c5 7. O-O cxd4 8. Nxd4
O-O 9. Qc2 d6 10. b3 Nbd7 11. Ba3 a6 12. Ne4 Qc7 13. Rac1 Rac8 14. Rfd1 Qb8 15.
Qb1 Nxe4 16. Bxe4 Bxe4 17. Qxe4 d5 18. cxd5 Nf6 19. Qd3 Bxa3 20. Rxc8 Qxc8 21.
Nc6 Nxd5 22. Nd4 b5 23. Nc2 Be7 24. a4 Qc3 25. axb5 Qxd3 26. Rxd3 Rc8 27. Ne1
Rc1 28. Kf1 Bb4 0-1

[Event "15. Open Int. Ciudad de Pamplona"]
[Site "Pamplona ESP"]
[Date "2005.12.23"]
[Round "1.7"]
[White "Vehi Bach, Victor Manuel"]
[Black "Ros Parra, Jorge"]
[Result "1-0"]
[WhiteElo "2407"]
[BlackElo "1855"]
[PlyCount "35"]
[EventDate "2005.12.23"]
[EventType "swiss"]
[EventRounds "9"]
[EventCountry "ESP"]
[Source "lmi"]
[SourceDate "2005.12.29"]

1. e4 d6 2. d4 Nf6 3. Nc3 g6 4. Be3 Bg7 5. f3 Nc6 6. Qd2 O-O 7. O-O-O e5 8.
Nge2 a6 9. h4 b5 10. h5 b4 11. Nd5 Nxd5 12. exd5 Nxd4 13. Nxd4 exd4 14. Bxd4
Bxd4 15. Qxd4 a5 16. Bd3 Bd7 17. hxg6 fxg6 18. Rxh7 1-0

[Event "15. Open Int. Ciudad de Pamplona"]
[Site "Pamplona ESP"]
[Date "2005.12.23"]
[Round "1.8"]
[White "Sempere Gomis, Andres"]
[Black "Jerez Perez, Alfonso"]
[Result "0-1"]
[WhiteElo "1847"]
[BlackElo "2392"]
[PlyCount "38"]
[EventDate "2005.12.23"]
[EventType "swiss"]
[EventRounds "9"]
[EventCountry "ESP"]
[Source "lmi"]
[SourceDate "2005.12.29"]

1. Nf3 Nf6 2. d4 g6 3. c4 Bg7 4. g3 O-O 5. Bg2 d6 6. Nc3 Nc6 7. e4 Bg4 8. Be3
Nd7 9. h3 Bxf3 10. Bxf3 e5 11. d5 Nd4 12. Be2 c5 13. g4 a6 14. Qd2 Rb8 15. Bg5
f6 16. Bh4 b5 17. b3 bxc4 18. bxc4 Qa5 19. O-O Qxc3 0-1

[Event "15. Open Int. Ciudad de Pamplona"]
[Site "Pamplona ESP"]
[Date "2005.12.23"]
[Round "1.9"]
[White "Pomes Marcet, Juan"]
[Black "Fernandez Herrero, Mario"]
[Result "1-0"]
[WhiteElo "2365"]
[BlackElo "1844"]
[PlyCount "99"]
[EventDate "2005.12.23"]
[EventType "swiss"]
[EventRounds "9"]
[EventCountry "ESP"]
[Source "lmi"]
[SourceDate "2005.12.29"]

1. d4 d5 2. c4 e6 3. Nc3 Nf6 4. cxd5 exd5 5. Bg5 Be7 6. e3 Nbd7 7. Qc2 O-O 8.
Bd3 h6 9. Bh4 c6 10. Nf3 Re8 11. O-O Nf8 12. h3 Be6 13. a3 Rc8 14. b4 N8d7 15.
Rfb1 a6 16. a4 b5 17. a5 Qc7 18. Bg3 Bd6 19. Ne2 Nh5 20. Bxd6 Qxd6 21. g4 Nhf6
22. Ng3 Qe7 23. Rb2 Qd6 24. Nh4 Nf8 25. Nhf5 Qc7 26. Qc5 Rcd8 27. Rc1 Bxf5 28.
Nxf5 Re6 29. Qb6 Qxb6 30. axb6 Rb8 31. Rxc6 Rxc6 32. Ne7+ Kh8 33. Nxc6 Rxb6 34.
Ne5 Kg8 35. Rc2 N6d7 36. Nxd7 Nxd7 37. Rc8+ Nf8 38. Bf1 Rd6 39. Bg2 g6 40. Rc5
Ne6 41. Rxd5 Rxd5 42. Bxd5 Nc7 43. Bb3 Kf8 44. Kg2 Ke7 45. Kf3 f6 46. Ke4 Kf8
47. h4 Ke7 48. h5 g5 49. Kf5 Kd6 50. Kg6 1-0

[Event "15. Open Int. Ciudad de Pamplona"]
[Site "Pamplona ESP"]
[Date "2005.12.23"]
[Round "1.10"]
[White "Zaratiegui Cardesa, Jose"]
[Black "Llaneza Vega, Marcos"]
[Result "1/2-1/2"]
[WhiteElo "1832"]
[BlackElo "2363"]
[PlyCount "94"]
[EventDate "2005.12.23"]
[EventType "swiss"]
[EventRounds "9"]
[EventCountry "ESP"]
[Source "lmi"]
[SourceDate "2005.12.29"]

1. d4 Nf6 2. c4 e5 3. dxe5 Ng4 4. Bf4 Bb4+ 5. Nd2 Nc6 6. Ngf3 Qe7 7. e3 Ngxe5
8. Nxe5 Nxe5 9. Be2 O-O 10. O-O Ng6 11. Bg3 Bxd2 12. Qxd2 d6 13. Rad1 Be6 14.
Qc3 Rae8 15. Rfe1 Bc8 16. Bf3 Ne5 17. Bxe5 dxe5 18. e4 Kh8 19. a3 a6 20. b4 Qh4
21. Qe3 f5 22. g3 Qf6 23. exf5 g6 24. Bg2 gxf5 25. Qc5 Qg7 26. Rd5 b6 27. Qe3
e4 28. Qd4 Be6 29. Qxg7+ Kxg7 30. Rdd1 Bxc4 31. Rc1 b5 32. Bf1 Bxf1 33. Kxf1
Re7 34. Rc6 Rd8 35. Rec1 Rd3 36. Rxa6 e3 37. fxe3 Rdxe3 38. Rac6 Rxa3 39. Rxc7
Rxc7 40. Rxc7+ Kf6 41. Rc5 Kg5 42. Kg2 Kg4 43. h3+ Kg5 44. Rxb5 Ra2+ 45. Kf3
Ra3+ 46. Kg2 Ra2+ 47. Kf3 Ra3+ 1/2-1/2

[Event "15. Open Int. Ciudad de Pamplona"]
[Site "Pamplona ESP"]
[Date "2005.12.24"]
[Round "2.1"]
[White "Manso Marquez, Felix"]
[Black "Narciso Dublan, Marc"]
[Result "0-1"]
[WhiteElo "2106"]
[BlackElo "2525"]
[PlyCount "86"]
[EventDate "2005.12.23"]
[EventType "swiss"]
[EventRounds "9"]
[EventCountry "ESP"]
[Source "lmi"]
[SourceDate "2005.12.29"]

1. d4 d6 2. Nf3 Bg4 3. e4 Nf6 4. Nc3 e6 5. Be2 Be7 6. O-O O-O 7. Be3 d5 8. h3
Bh5 9. exd5 exd5 10. Bg5 c6 11. Re1 Bxf3 12. Bxf3 Nbd7 13. Qd3 Re8 14. Re2 Nf8
15. Rae1 Ne6 16. h4 Nd7 17. Bxe7 Rxe7 18. g3 Nf6 19. Nd1 Qa5 20. a3 g6 21. Ne3
h5 22. c4 Rae8 23. b4 Qd8 24. cxd5 cxd5 25. Rc1 Rd7 26. Rec2 Qb6 27. Rc8 Rxc8
28. Rxc8+ Kg7 29. Nc2 Ng8 30. Qe3 Ne7 31. Rc3 Nf5 32. Qe5+ f6 33. Qb8 Rd8 34.
Rc8 Rxc8 35. Qxc8 Qc6 36. Qxc6 bxc6 37. b5 cxb5 38. Bxd5 Nexd4 39. Nxd4 Nxd4
40. Be4 a5 41. Kf1 a4 42. Ke1 b4 43. axb4 a3 0-1

[Event "15. Open Int. Ciudad de Pamplona"]
[Site "Pamplona ESP"]
[Date "2005.12.24"]
[Round "2.2"]
[White "Conquest, Stuart"]
[Black "Burguete Archel, Eduardo"]
[Result "0-1"]
[WhiteElo "2514"]
[BlackElo "2099"]
[PlyCount "129"]
[EventDate "2005.12.23"]
[EventType "swiss"]
[EventRounds "9"]
[EventCountry "ESP"]
[Source "lmi"]
[SourceDate "2005.12.29"]

1. e4 e5 2. Nf3 Nc6 3. Bb5 a6 4. Ba4 Nf6 5. O-O Bc5 6. c3 b5 7. Bc2 d6 8. h3
Bb7 9. a4 Bb6 10. d3 O-O 11. Na3 Ne7 12. Be3 Bxe3 13. fxe3 Qd7 14. b4 Ng6 15.
c4 bxc4 16. Nxc4 Qe7 17. Na5 Rab8 18. Rb1 d5 19. exd5 Nxd5 20. Qd2 Ba8 21. b5
axb5 22. axb5 Qc5 23. d4 exd4 24. Nxd4 Rbd8 25. Bxg6 hxg6 26. Rfc1 Qd6 27. Nac6
Rde8 28. Rb3 Re4 29. Rd3 Nf6 30. Nb3 Qg3 31. Nc5 Ree8 32. Rc4 g5 33. e4 Qh4 34.
Qf2 Bxc6 35. bxc6 Re7 36. Rdd4 Rfe8 37. Qxh4 gxh4 38. Kf2 g6 39. Kf3 Kg7 40.
Ra4 Nh7 41. Ra7 Ng5+ 42. Kf4 Re5 43. Nd7 Rb5 44. Rc4 Ne6+ 45. Ke3 Rb3+ 46. Ke2
Rb2+ 47. Kf1 Rb5 48. e5 Rh8 49. Rc2 Rh5 50. Ra3 Rf5+ 51. Rf3 Rxf3+ 52. gxf3 Nf4
53. Nc5 Ra5 54. Rc4 g5 55. Nd7 Nxh3 56. Rg4 Kg6 57. Rb4 Nf4 58. Rb8 h3 59. Rg8+
Kf5 60. Kf2 Ra2+ 61. Ke3 h2 62. Rh8 Ng6 63. Rh6 Ke6 64. Rh3 Nxe5 65. Nc5+ 0-1

[Event "15. Open Int. Ciudad de Pamplona"]
[Site "Pamplona ESP"]
[Date "2005.12.24"]
[Round "2.3"]
[White "Arjol Etxeverria, David"]
[Black "Strikovic, Aleksa"]
[Result "0-1"]
[WhiteElo "2098"]
[BlackElo "2489"]
[PlyCount "50"]
[EventDate "2005.12.23"]
[EventType "swiss"]
[EventRounds "9"]
[EventCountry "ESP"]
[Source "lmi"]
[SourceDate "2005.12.29"]

1. e4 d5 2. exd5 Qxd5 3. Nc3 Qa5 4. Bc4 Nf6 5. d4 Bf5 6. Nf3 e6 7. Bd2 Bb4 8.
a3 Bxc3 9. Bxc3 Qb6 10. b3 Nc6 11. Qe2 O-O-O 12. O-O-O Bg4 13. Qe3 Bxf3 14.
gxf3 Nd5 15. Bxd5 Rxd5 16. Rhg1 g6 17. Rg5 Ne7 18. Re5 Nf5 19. Qf4 Rhd8 20.
Rxd5 Rxd5 21. Bb2 Qd6 22. Qxd6 Nxd6 23. Kd2 Rh5 24. Rh1 Rh3 25. Ke2 Nf5 0-1

[Event "15. Open Int. Ciudad de Pamplona"]
[Site "Pamplona ESP"]
[Date "2005.12.24"]
[Round "2.4"]
[White "Magem Badals, Jordi"]
[Black "Moreto Quintana, Alex"]
[Result "1-0"]
[WhiteElo "2479"]
[BlackElo "2096"]
[PlyCount "59"]
[EventDate "2005.12.23"]
[EventType "swiss"]
[EventRounds "9"]
[EventCountry "ESP"]
[Source "lmi"]
[SourceDate "2005.12.29"]

1. e4 e5 2. Nf3 Nc6 3. Bb5 f5 4. Bxc6 dxc6 5. Nc3 Nf6 6. Qe2 Bd6 7. d4 Qe7 8.
exf5 e4 9. Nh4 Bd7 10. Bg5 O-O-O 11. g3 Bb4 12. O-O Rhe8 13. Qc4 Ba5 14. Rfe1
b5 15. Qb3 h6 16. Rxe4 Qf8 17. Bxf6 Qxf6 18. Rae1 Rxe4 19. Rxe4 Bxf5 20. Rf4 g6
21. Nxf5 gxf5 22. Ne2 Re8 23. Kf1 Qe7 24. Qf3 Qb4 25. Kg2 Qxb2 26. Qxc6 Rxe2
27. Rxf5 Qb4 28. Rf8+ Qxf8 29. Qa8+ Kd7 30. Qxf8 1-0

[Event "15. Open Int. Ciudad de Pamplona"]
[Site "Pamplona ESP"]
[Date "2005.12.24"]
[Round "2.5"]
[White "Saenz Narciso, Miguel Angel"]
[Black "Adla, Diego Gustavo"]
[Result "0-1"]
[WhiteElo "2093"]
[BlackElo "2474"]
[PlyCount "44"]
[EventDate "2005.12.23"]
[EventType "swiss"]
[EventRounds "9"]
[EventCountry "ESP"]
[Source "lmi"]
[SourceDate "2005.12.29"]

1. e4 e5 2. Nf3 Nc6 3. Nc3 Nf6 4. g3 Bb4 5. Bg2 Bxc3 6. dxc3 d6 7. Bg5 h6 8.
Bxf6 Qxf6 9. Nh4 g5 10. Qf3 Qxf3 11. Nxf3 f5 12. exf5 Bxf5 13. O-O-O O-O-O 14.
h4 gxh4 15. Nd2 Rdf8 16. Rhf1 Ne7 17. Rde1 Bd7 18. c4 b6 19. Re3 Rf7 20. f4
exf4 21. Rxf4 Rxf4 22. gxf4 Ng6 0-1

[Event "15. Open Int. Ciudad de Pamplona"]
[Site "Pamplona ESP"]
[Date "2005.12.24"]
[Round "2.6"]
[White "Pogorelov, Ruslan"]
[Black "Alcaide Luque, Aitor"]
[Result "1-0"]
[WhiteElo "2435"]
[BlackElo "2090"]
[PlyCount "55"]
[EventDate "2005.12.23"]
[EventType "swiss"]
[EventRounds "9"]
[EventCountry "ESP"]
[Source "lmi"]
[SourceDate "2005.12.29"]

1. Nf3 e6 2. c4 f5 3. g3 Nf6 4. Bg2 c6 5. O-O d5 6. d4 Bd6 7. b3 Qe7 8. Ne5 O-O
9. Bb2 Ne4 10. Nd2 b6 11. Nxe4 fxe4 12. f3 exf3 13. exf3 Bxe5 14. dxe5 Rd8 15.
cxd5 Rxd5 16. Qc2 Na6 17. a3 Bb7 18. f4 Rd7 19. f5 exf5 20. Qc4+ Kh8 21. e6 Rd2
22. Qc3 Qc5+ 23. Kh1 Qxc3 24. Bxc3 Rd3 25. Rxf5 Rxc3 26. e7 g6 27. Rf8+ Kg7 28.
Rxa8 1-0

[Event "15. Open Int. Ciudad de Pamplona"]
[Site "Pamplona ESP"]
[Date "2005.12.24"]
[Round "2.7"]
[White "Khaidorov, Viacheslav"]
[Black "Vehi Bach, Victor Manuel"]
[Result "1/2-1/2"]
[WhiteElo "2080"]
[BlackElo "2407"]
[PlyCount "97"]
[EventDate "2005.12.23"]
[EventType "swiss"]
[EventRounds "9"]
[EventCountry "ESP"]
[Source "lmi"]
[SourceDate "2005.12.29"]

1. d4 Nf6 2. c4 e6 3. Nc3 Bb4 4. e3 O-O 5. Bd3 d5 6. Nf3 c5 7. O-O Nc6 8. a3
Bxc3 9. bxc3 dxc4 10. Bxc4 Qc7 11. Qc2 e5 12. dxe5 Nxe5 13. Nxe5 Qxe5 14. f3
Bd7 15. Bd2 Rad8 16. Rac1 Be6 17. Bxe6 Qxe6 18. e4 Nd7 19. Bg5 f6 20. Be3 Qc4
21. Rfd1 Ne5 22. Rxd8 Rxd8 23. Rd1 Rd3 24. Rxd3 Nxd3 25. g4 Kf7 26. g5 b6 27.
gxf6 gxf6 28. Qd2 Ke6 29. Kg2 Kd7 30. Bf2 Kc6 31. Bh4 f5 32. exf5 Nf4+ 33. Kf2
Nd5 34. Qh6+ Kb5 35. f6 Nxc3 36. Qxh7 Qe2+ 37. Kg3 Qe5+ 38. Kg4 Nd5 39. Qe4
Nxf6+ 40. Bxf6 Qxf6 41. f4 Qg7+ 42. Kf3 Qb2 43. Qe2+ Qxe2+ 44. Kxe2 Kc6 45. Kd3
Kd5 46. h4 b5 47. Kc3 a5 48. h5 Ke6 49. Kb3 1/2-1/2

[Event "15. Open Int. Ciudad de Pamplona"]
[Site "Pamplona ESP"]
[Date "2005.12.24"]
[Round "2.8"]
[White "Jerez Perez, Alfonso"]
[Black "Leon Fernandez, Mario"]
[Result "1/2-1/2"]
[WhiteElo "2392"]
[BlackElo "2071"]
[PlyCount "63"]
[EventDate "2005.12.23"]
[EventType "swiss"]
[EventRounds "9"]
[EventCountry "ESP"]
[Source "lmi"]
[SourceDate "2005.12.29"]

1. Nf3 d5 2. c4 e6 3. b3 Nf6 4. Bb2 Be7 5. g3 O-O 6. Bg2 c5 7. O-O Nc6 8. cxd5
Nxd5 9. Nc3 Bf6 10. Qc2 Nxc3 11. Bxc3 Nd4 12. Bxd4 cxd4 13. Rfc1 Bd7 14. Qc5
Qb6 15. d3 Rfc8 16. Qa3 Bc6 17. Nd2 Bxg2 18. Kxg2 Qd8 19. Kg1 Be7 20. Qa4 a6
21. b4 b5 22. Qb3 Rxc1+ 23. Rxc1 Rc8 24. Rxc8 Qxc8 25. Ne4 Qc1+ 26. Kg2 Qc6 27.
f3 Qc1 28. a3 h6 29. Qa2 Kh7 30. Nd2 Qc3 31. Ne4 Qc1 32. Nd2 1/2-1/2

[Event "15. Open Int. Ciudad de Pamplona"]
[Site "Pamplona ESP"]
[Date "2005.12.24"]
[Round "2.9"]
[White "Ballina, Casimiro"]
[Black "Pomes Marcet, Juan"]
[Result "0-1"]
[WhiteElo "2064"]
[BlackElo "2365"]
[PlyCount "80"]
[EventDate "2005.12.23"]
[EventType "swiss"]
[EventRounds "9"]
[EventCountry "ESP"]
[Source "lmi"]
[SourceDate "2005.12.29"]

1. e4 e6 2. d3 d5 3. Nd2 c5 4. Ngf3 Nc6 5. g3 Bd6 6. Bg2 Nge7 7. Nh4 O-O 8. f4
f6 9. O-O d4 10. Nc4 Bc7 11. a4 Rb8 12. f5 a6 13. Bf4 b5 14. Bxc7 Qxc7 15. axb5
axb5 16. Na3 Ne5 17. Bh3 exf5 18. Nxf5 Nxf5 19. Bxf5 Qd6 20. b3 g6 21. Bxc8
Rfxc8 22. Qe2 Rc6 23. Ra2 Ra6 24. Rfa1 Qb6 25. Nb1 Rba8 26. Rxa6 Rxa6 27. Rxa6
Qxa6 28. Nd2 h5 29. h3 Qa2 30. Qd1 Kg7 31. Kf2 Nc6 32. Nf3 Qb2 33. Qe2 Kf7 34.
g4 hxg4 35. hxg4 Qc1 36. Ne1 Ne5 37. Kg3 g5 38. Qf2 Ke7 39. Qe2 Kd7 40. Kh3 Kc7
0-1

[Event "15. Open Int. Ciudad de Pamplona"]
[Site "Pamplona ESP"]
[Date "2005.12.24"]
[Round "2.10"]
[White "Martinez Perez, Jorge"]
[Black "Ivanov, Jordan"]
[Result "0-1"]
[WhiteElo "2048"]
[BlackElo "2359"]
[PlyCount "66"]
[EventDate "2005.12.23"]
[EventType "swiss"]
[EventRounds "9"]
[EventCountry "ESP"]
[Source "lmi"]
[SourceDate "2005.12.29"]

1. Nf3 Nf6 2. b3 g6 3. Bb2 Bg7 4. e3 O-O 5. Be2 d6 6. d4 Nbd7 7. O-O e5 8. c4
Re8 9. Nc3 c6 10. b4 e4 11. Nd2 d5 12. Qb3 Nf8 13. a4 h5 14. a5 Bg4 15. b5 Bxe2
16. Nxe2 a6 17. cxd5 cxd5 18. Rfc1 h4 19. Ba3 Ne6 20. Bc5 h3 21. g3 Ng4 22. Nf4
Nxf4 23. exf4 e3 24. fxe3 Rxe3 25. Qd1 Qd7 26. bxa6 bxa6 27. Qf1 Rae8 28. Qxh3
Rd3 29. Nf1 Rxd4 30. Qg2 Rc4 31. Bb6 Bxa1 32. Rxa1 d4 33. Rd1 Qa4 0-1

[Event "15. Open Int. Ciudad de Pamplona"]
[Site "Pamplona ESP"]
[Date "2005.12.24"]
[Round "3.1"]
[White "Narciso Dublan, Marc"]
[Black "Recuero Guerra, David"]
[Result "1-0"]
[WhiteElo "2464"]
[BlackElo "2259"]
[PlyCount "83"]
[EventDate "2005.12.23"]
[EventType "swiss"]
[EventRounds "9"]
[EventCountry "ESP"]
[Source "lmi"]
[SourceDate "2005.12.29"]

1. c4 e5 2. Nc3 Nc6 3. Nf3 f5 4. d4 e4 5. Ne5 Nxe5 6. dxe5 Bb4 7. Qb3 Qe7 8.
Bf4 Nh6 9. Bxh6 gxh6 10. O-O-O Bc5 11. Nd5 Qxe5 12. f4 exf3 13. exf3 O-O 14. f4
Qd6 15. g3 Rb8 16. Bg2 c6 17. Qc3 b5 18. b4 bxc4 19. bxc5 Qxc5 20. Rhe1 Qb5 21.
Ne7+ Kf7 22. Qc2 Qb4 23. Re3 c3 24. Qb3+ Qxb3 25. axb3 Re8 26. Nxf5 Rxe3 27.
Nxe3 Rxb3 28. Nc4 Ke7 29. Kc2 Rb8 30. Re1+ Kf6 31. Kxc3 d5 32. Ne5 Rb6 33. Ra1
a6 34. Ra2 h5 35. Ra5 d4+ 36. Kxd4 Rb2 37. Bxc6 Rxh2 38. Be4 Rh3 39. Rc5 Bg4
40. Rc7 Ke6 41. Rf7 Kd6 42. f5 1-0

[Event "15. Open Int. Ciudad de Pamplona"]
[Site "Pamplona ESP"]
[Date "2005.12.24"]
[Round "3.2"]
[White "Garcia, Raul"]
[Black "Conquest, Stuart"]
[Result "1-0"]
[WhiteElo "2284"]
[BlackElo "2564"]
[PlyCount "88"]
[EventDate "2005.12.23"]
[EventType "swiss"]
[EventRounds "9"]
[EventCountry "ESP"]
[Source "lmi"]
[SourceDate "2005.12.29"]

1. d4 g6 2. Nf3 Bg7 3. g3 f5 4. Bg2 Nf6 5. c4 d6 6. O-O O-O 7. b4 Qe8 8. Bb2
Nc6 9. b5 Nd8 10. Nbd2 c6 11. a4 Kh8 12. Qc2 Nf7 13. Rfe1 d5 14. cxd5 cxb5 15.
Ne5 bxa4 16. Rxa4 Nd6 17. Rea1 a6 18. Qb3 Qd8 19. f3 Bh6 20. Bc1 b5 21. R4a2
Qb6 22. e3 Bb7 23. f4 Nde4 24. Nxe4 fxe4 25. Nc6 e6 26. Ba3 Rfe8 27. Bc5 Qc7
28. Ra5 Nxd5 29. Ne5 Nf6 30. Bh3 Nd5 31. Bg2 Bf8 32. Bxf8 Rxf8 33. R5a2 Nf6 34.
Rc2 Qd6 35. Rac1 Bd5 36. Qb2 Ra7 37. Rc5 Kg7 38. Kf1 Re8 39. Qa3 Ree7 40. Qa5
Nd7 41. Qd8 Ra8 42. Rc8 Rxc8 43. Rxc8 Qa3 44. Ng4 e5 1-0

[Event "15. Open Int. Ciudad de Pamplona"]
[Site "Pamplona ESP"]
[Date "2005.12.24"]
[Round "3.3"]
[White "Strikovic, Aleksa"]
[Black "Oms Fuentes, Lluis"]
[Result "1-0"]
[WhiteElo "2494"]
[BlackElo "2231"]
[PlyCount "37"]
[EventDate "2005.12.23"]
[EventType "swiss"]
[EventRounds "9"]
[EventCountry "ESP"]
[Source "lmi"]
[SourceDate "2005.12.29"]

1. c4 f5 2. Nf3 Nf6 3. g3 d6 4. d4 g6 5. b3 Bg7 6. Bb2 O-O 7. Bg2 e6 8. O-O d5
9. Nbd2 c6 10. Ne5 Nbd7 11. Nd3 g5 12. Nf3 h6 13. Nfe5 Nxe5 14. dxe5 Nd7 15.
cxd5 cxd5 16. Rc1 b6 17. Rc6 Re8 18. Rxe6 Rxe6 19. Bxd5 1-0

[Event "15. Open Int. Ciudad de Pamplona"]
[Site "Pamplona ESP"]
[Date "2005.12.24"]
[Round "3.4"]
[White "Cortes Bueno, Jesus Javier"]
[Black "Magem Badals, Jordi"]
[Result "0-1"]
[WhiteElo "2221"]
[BlackElo "2506"]
[PlyCount "106"]
[EventDate "2005.12.23"]
[EventType "swiss"]
[EventRounds "9"]
[EventCountry "ESP"]
[Source "lmi"]
[SourceDate "2005.12.29"]

1. Nf3 d5 2. c4 e6 3. e3 Nf6 4. b3 Be7 5. Bb2 O-O 6. d4 b6 7. Bd3 Bb7 8. Nbd2
c5 9. O-O Nc6 10. Rc1 Rc8 11. Qe2 cxd4 12. exd4 Qd6 13. Rfe1 Qf4 14. h3 Rfd8
15. a3 dxc4 16. bxc4 Bf8 17. Ne4 Nxe4 18. Bxe4 Na5 19. Bxb7 Nxb7 20. Red1 Nd6
21. Ne5 Qe4 22. Qf1 Nf5 23. Re1 Qb7 24. Rcd1 Rc7 25. Qe2 Rd6 26. Rd2 Rc8 27.
Red1 Rcd8 28. Rd3 Nh4 29. Qg4 Ng6 30. Nxg6 hxg6 31. h4 b5 32. Rb3 Rb6 33. c5
Qd5 34. Re3 Rc6 35. Rc1 Be7 36. Re5 Qd7 37. h5 Bf6 38. Re4 gxh5 39. Qxh5 Qd5
40. Qe2 a6 41. Rc3 Bxd4 42. Rg3 Bxb2 43. Qxb2 Qd1+ 44. Kh2 Qh5+ 45. Rh3 Qxc5
46. Reh4 Kf8 47. Rh8+ Ke7 48. Qxg7 Rxh8 49. Rxh8 Rc8 50. Rh7 Qf5 51. f3 Qf4+
52. Kh3 Rc1 53. g3 Qf5+ 0-1